V záujme zdravotne bezchybných potravín Položili sa základy Slovenského kódexového výboru pre potraviny

Bibliographic Details
Format: Article
Language:Slovak
PhysicalDescription:Fotogr. 1
Subjects:

MARC

LEADER 00000nab a2200000 a 4500
001 vtls000584559
003 SK-MaSNL
005 20260303011357.0
008 220423c1996 xo 0 slo
015 |a SNBRB19rr/mm-uuuuu 
035 |a CL0584698 
040 |a SNKBUCL  |b slo  |c SNKBUCL  |e AACR2 
041 0 |a slo 
044 |a xo  |c SK 
080 |a 663/664:614.31  |2 1981 
080 |a 614.31  |2 1981 
080 |a 061.1(437.6)  |2 1981 
080 |a 663/664  |2 1981 
245 0 0 |a V záujme zdravotne bezchybných potravín  |b Položili sa základy Slovenského kódexového výboru pre potraviny 
300 |b Fotogr. 1 
650 0 7 |a potraviny  |2 snkbucl  |9 1614 
650 0 7 |a Slovenský kódexový výbor pre potraviny  |2 snkbucl  |9 989927 
655 7 |a články z novín a časopisov  |2 snkbucl  |9 267496 
773 0 |t Slovenská republika  |g Roč. 4, č. 118 (22. 5. 1996) 
773 0 |t [Príl.] Zdravotníctvo  |g Č. 12 (1996), s. I. a II. 
850 |a Slovenská národná knižnica v Martine  |a MTA001 
852 |a SNK  |b KIS3GCP 
958 |a RK 
958 |a ME 
992 |a RBX 
999 |c 1591813  |d 1593743